[Event "EU-ch blitz"]
[Site "Tallinn"]
[Date "2019.12.07"]
[Round "8"]
[White "Ladva, Ottomar"]
[Black "Litwak, Aleksej"]
[Result "1-0"]
[WhiteElo "2457"]
[BlackElo "2284"]
[PlyCount "58"]
[EventDate "2019.12.07"]
[EventType "swiss (blitz)"]
[EventRounds "22"]
[EventCountry "EST"]
[SourceTitle "CBM 193 Extra"]
[Source "ChessBase"]
[SourceDate "2020.01.31"]
[SourceVersion "1"]
[SourceVersionDate "2020.01.31"]
[SourceQuality "1"]

1. Nf3 d5 2. g3 Nf6 3. Bg2 c5 4. 0-0 Nc6 5. d4 e6 6. c4 Be7 7. cxd5 exd5 8. dxc5 Bxc5 9. a3 0-0 10. b4 Bb6 11. Bb2 Re8 12. Nc3 Bg4 13. Rc1 Rc8 14. Na4 Bc7 15. Nc5 Bb6 16. Nxb7 Qe7 17. Bxf6 Qxf6 18. Qxd5 Ne7 19. Qe5 Qxe5 20. Nxe5 Bxe2 21. Rfe1 Rxc1 22. Rxc1 Nf5 23. Bd5 Kf8 24. Nd7+ Kg8 25. Nxb6 axb6 26. Rc7 Ne7 27. Bb3 Kf8 28. Nd6 Ra8 29. a4 f5 1-0

[Event "EU-ch blitz"]
[Site "Tallinn"]
[Date "2019.12.07"]
[Round "9"]
[White "Ladva, Ottomar"]
[Black "Ortega Ruiz, Jose Miguel"]
[Result "1-0"]
[WhiteElo "2457"]
[BlackElo "2272"]
[PlyCount "48"]
[EventDate "2019.12.07"]
[EventType "swiss (blitz)"]
[EventRounds "22"]
[EventCountry "EST"]
[SourceTitle "CBM 193 Extra"]
[Source "ChessBase"]
[SourceDate "2020.01.31"]
[SourceVersion "1"]
[SourceVersionDate "2020.01.31"]
[SourceQuality "1"]

1. Nf3 Nc6 2. d4 d5 3. Bf4 Bg4 4. e3 a6 5. c4 e6 6. Nc3 Nf6 7. Be2 Bd6 8. Bg5 dxc4 9. Bxc4 h6 10. Bh4 g5 11. Bg3 Bxg3 12. hxg3 Qd6 13. Qa4 Bxf3 14. gxf3 0-0-0 15. Rc1 Nb8 16. Be2 h5 17. Ne4 Nxe4 18. fxe4 h4 19. g4 h3 20. Bf3 e5 21. d5 Nd7 22. 0-0 h2+ 23. Kh1 Nb6 24. Qb3 Qf6 1-0

[Event "EU-ch blitz"]
[Site "Tallinn"]
[Date "2019.12.07"]
[Round "1"]
[White "Ladva, Ottomar"]
[Black "Uibokant, Mathias Robert"]
[Result "1-0"]
[WhiteElo "2457"]
[BlackElo "1956"]
[PlyCount "93"]
[EventDate "2019.12.07"]
[EventType "swiss (blitz)"]
[EventRounds "22"]
[EventCountry "EST"]
[SourceTitle "CBM 193 Extra"]
[Source "ChessBase"]
[SourceDate "2020.01.31"]
[SourceVersion "1"]
[SourceVersionDate "2020.01.31"]
[SourceQuality "1"]

1. Nf3 e6 2. c4 Nf6 3. Nc3 b6 4. g3 Bb7 5. Bg2 Be7 6. 0-0 0-0 7. d4 d6 8. d5 exd5 9. Nd4 Re8 10. cxd5 Nbd7 11. Nc6 Bxc6 12. dxc6 Nc5 13. b4 Ne6 14. Bb2 a5 15. b5 Nc5 16. Qc2 Bf8 17. Nd5 Nxd5 18. Bxd5 Be7 19. Rad1 Bf6 20. Ba3 Qe7 21. e4 Rad8 22. f4 g6 23. Rfe1 Bg7 24. Qc4 h5 25. h4 Qf6 26. Kg2 Re7 27. Bxc5 bxc5 28. Rd2 Qc3 29. Rde2 Rb8 30. a4 Qxc4 31. Bxc4 Kf8 32. Kf3 Rbe8 33. Bd5 Rb8 34. Rb1 Rb6 35. Rg1 Bd4 36. Rgg2 f5 37. exf5 gxf5 38. Be6 Rb8 39. Bxf5 c4 40. Rxe7 Kxe7 41. Re2+ Kf6 42. Be6 c3 43. Bb3 Rf8 44. Re6+ Kg7 45. Re7+ Kh6 46. Bc2 Rc8 47. Rh7# 1-0

[Event "EU-ch blitz"]
[Site "Tallinn"]
[Date "2019.12.07"]
[Round "17"]
[White "Lintchevski, Daniil"]
[Black "Ladva, Ottomar"]
[Result "1-0"]
[WhiteElo "2553"]
[BlackElo "2457"]
[PlyCount "70"]
[EventDate "2019.12.07"]
[EventType "swiss (blitz)"]
[EventRounds "22"]
[EventCountry "EST"]
[SourceTitle "CBM 193 Extra"]
[Source "ChessBase"]
[SourceDate "2020.01.31"]
[SourceVersion "1"]
[SourceVersionDate "2020.01.31"]
[SourceQuality "1"]

1. e4 g6 2. d4 Bg7 3. Nf3 d6 4. Bc4 Nf6 5. Qe2 0-0 6. 0-0 Bg4 7. e5 dxe5 8. dxe5 Nd5 9. Nbd2 Nc6 10. Qe4 Bxf3 11. Nxf3 Nb6 12. Bb3 Na5 13. Bg5 Nxb3 14. axb3 Qd5 15. Qh4 f6 16. Bh6 Bxh6 17. Qxh6 Rfd8 18. Rfe1 Qf7 19. h4 a6 20. Re2 Nd5 21. Rae1 f5 22. Ng5 Qg7 23. Qxg7+ Kxg7 24. Ne6+ Kf7 25. Nxd8+ Rxd8 26. Rd1 c6 27. c4 Nf4 28. Rxd8 Nxe2+ 29. Kf1 Nc1 30. b4 Na2 31. b5 axb5 32. cxb5 cxb5 33. Rb8 Ke6 34. Rxb7 b4 35. f4 Nc1 1-0

[Event "EU-ch rapid"]
[Site "Tallinn"]
[Date "2019.12.06"]
[Round "12"]
[White "Ladva, Ottomar"]
[Black "Dubrovin, Robert"]
[Result "1-0"]
[WhiteElo "2446"]
[BlackElo "2235"]
[PlyCount "75"]
[EventDate "2019.12.05"]
[EventType "swiss"]
[EventRounds "13"]
[EventCountry "EST"]
[SourceTitle "CBM 193 Extra"]
[Source "ChessBase"]
[SourceDate "2020.01.31"]
[SourceVersion "1"]
[SourceVersionDate "2020.01.31"]
[SourceQuality "1"]

1. Nf3 Nf6 2. g3 b5 3. Bg2 Bb7 4. Na3 a6 5. c4 e5 6. cxb5 Bxa3 7. bxa3 axb5 8. Qb3 0-0 9. Qxb5 Ba6 10. Qb1 e4 11. Nd4 c5 12. Nb5 Nc6 13. a4 Rb8 14. Bb2 Bxb5 15. axb5 Rxb5 16. a4 Rb8 17. Qc1 Nd4 18. Bxd4 cxd4 19. a5 Qe7 20. 0-0 Rfc8 21. Qa3 Qe6 22. a6 d5 23. d3 h5 24. Qa4 Qb6 25. a7 Ra8 26. Rfb1 Qc5 27. Rb7 h4 28. Rab1 hxg3 29. hxg3 e3 30. fxe3 dxe3 31. Rb8 Kh7 32. Qh4+ Kg6 33. Bh3 Re8 34. Rf1 d4 35. Bf5+ Qxf5 36. Rxf5 Kxf5 37. Rxa8 Rxa8 38. Qxd4 1-0

[Event "EU-ch rapid"]
[Site "Tallinn"]
[Date "2019.12.06"]
[Round "10"]
[White "Ladva, Ottomar"]
[Black "Saric, Ante"]
[Result "0-1"]
[WhiteElo "2446"]
[BlackElo "2538"]
[PlyCount "70"]
[EventDate "2019.12.05"]
[EventType "swiss"]
[EventRounds "13"]
[EventCountry "EST"]
[SourceTitle "CBM 193 Extra"]
[Source "ChessBase"]
[SourceDate "2020.01.31"]
[SourceVersion "1"]
[SourceVersionDate "2020.01.31"]
[SourceQuality "1"]

1. Nf3 Nf6 2. g3 g6 3. d4 d5 4. Bg2 Bg7 5. 0-0 0-0 6. Nbd2 c6 7. b3 a5 8. a4 Bf5 9. Bb2 Na6 10. Ne5 Nd7 11. e3 Nb4 12. Rc1 Na2 13. g4 Nxc1 14. gxf5 Nxe5 15. dxe5 Na2 16. c3 Bxe5 17. Qa1 Nxc3 18. Bxc3 Bxc3 19. Qxc3 gxf5 20. Qe5 Qd7 21. Bh3 e6 22. Qf6 Qd8 23. Qh6 Kh8 24. Kh1 Rg8 25. Nf3 Rg6 26. Qh5 Qf6 27. Nd4 Rh6 28. Qf3 Qh4 29. Rg1 Qxh3 30. Qf4 Qh4 31. Qc7 Rg8 32. Qe5+ Qf6 33. Rxg8+ Kxg8 34. Qb8+ Kg7 35. Nf3 Qa1+ 0-1

[Event "EU-ch rapid"]
[Site "Tallinn"]
[Date "2019.12.06"]
[Round "11"]
[White "Mickevicius, Juras"]
[Black "Ladva, Ottomar"]
[Result "1-0"]
[WhiteElo "2288"]
[BlackElo "2446"]
[PlyCount "139"]
[EventDate "2019.12.05"]
[EventType "swiss"]
[EventRounds "13"]
[EventCountry "EST"]
[SourceTitle "CBM 193 Extra"]
[Source "ChessBase"]
[SourceDate "2020.01.31"]
[SourceVersion "1"]
[SourceVersionDate "2020.01.31"]
[SourceQuality "1"]

1. d4 Nf6 2. c4 e6 3. g3 d5 4. Nf3 dxc4 5. Bg2 c5 6. 0-0 Nc6 7. Qa4 Bd7 8. Qxc4 b5 9. Qd3 c4 10. Qc2 Be7 11. e4 0-0 12. Qe2 Rc8 13. Rd1 Re8 14. Ne5 Qa5 15. Be3 Red8 16. Nxc6 Bxc6 17. Nd2 h6 18. f3 Bb7 19. Rdc1 Qb6 20. Qf2 Nd7 21. e5 Bd5 22. f4 Qb7 23. Bxd5 Qxd5 24. a3 Nb6 25. f5 exf5 26. Qxf5 Qe6 27. Qxe6 fxe6 28. Ne4 Nd5 29. Bf2 Rc6 30. Rc2 Rdc8 31. Kg2 a5 32. Kf3 Kh7 33. Nc5 a4 34. Ke4 Nc7 35. Rd1 Rd8 36. Rdd2 Kg6 37. Be3 Nd5 38. Bf2 Bg5 39. Re2 Nc7 40. Nb7 Rd5 41. Nc5 Kf7 42. Nb7 Be7 43. Be3 Na6 44. Rf2+ Ke8 45. Rc1 Rd7 46. Nd6+ Bxd6 47. exd6 Rcxd6 48. Rcf1 Kd8 49. Rf8+ Kc7 50. Bf4 Kc6 51. Bxd6 Rxd6 52. R1f7 b4 53. Rc8+ Kb6 54. Rxc4 Kb5 55. Rc8 Kb6 56. Rxg7 b3 57. g4 Rd5 58. Re7 Rg5 59. h3 Rg6 60. Kd3 h5 61. gxh5 Rh6 62. Kc4 Rxh5 63. Rxe6+ Kb7 64. Rg8 Rh7 65. Reg6 Rxh3 66. R8g7+ Nc7 67. Rf6 Rh2 68. Rff7 Rxb2 69. Rxc7+ Kb6 70. Kd5 1-0

[Event "EU-ch rapid"]
[Site "Tallinn"]
[Date "2019.12.05"]
[Round "7"]
[White "Motylev, Alexander"]
[Black "Ladva, Ottomar"]
[Result "1-0"]
[WhiteElo "2703"]
[BlackElo "2446"]
[PlyCount "89"]
[EventDate "2019.12.05"]
[EventType "swiss"]
[EventRounds "13"]
[EventCountry "EST"]
[SourceTitle "CBM 193 Extra"]
[Source "ChessBase"]
[SourceDate "2020.01.31"]
[SourceVersion "1"]
[SourceVersionDate "2020.01.31"]
[SourceQuality "1"]

1. e4 e5 2. Nf3 Nf6 3. Nxe5 d6 4. Nd3 Nxe4 5. Qe2 Qe7 6. Nf4 Nf6 7. d4 Qxe2+ 8. Bxe2 d5 9. h4 Bd6 10. f3 h5 11. Nc3 c6 12. Bd3 Nbd7 13. Kf2 0-0 14. Nce2 Re8 15. c3 Nf8 16. Bd2 Ne6 17. a4 g6 18. Nxe6 Bxe6 19. a5 a6 20. Bf4 Bf8 21. Rhe1 Nd7 22. Bg3 Bh6 23. Nf4 Nf8 24. Ra3 Rad8 25. Nxe6 Rxe6 26. Rb3 Rxe1 27. Kxe1 Rd7 28. Rb6 Ne6 29. Kf2 Bf4 30. Bxf4 Nxf4 31. Bf1 Ne6 32. Ke3 Re7 33. Kd2 f6 34. c4 Nxd4 35. cxd5 cxd5 36. Rxf6 Re6 37. Rxe6 Nxe6 38. b4 Kf7 39. Ke3 Kf6 40. g3 Nd8 41. Kd4 Ke6 42. Kc5 Nf7 43. Bh3+ Kf6 44. Kxd5 Ne5 45. Bc8 1-0

[Event "Riga Tal Memorial blitz"]
[Site "Riga"]
[Date "2019.07.18"]
[Round "7"]
[White "Skvortsov, Andrei"]
[Black "Ladva, Ottomar"]
[Result "1-0"]
[WhiteElo "2186"]
[BlackElo "2513"]
[PlyCount "85"]
[EventDate "2019.07.18"]
[EventType "swiss (blitz)"]
[EventRounds "13"]
[EventCountry "LAT"]
[SourceTitle "CBM 191 Extra"]
[Source "ChessBase"]
[SourceDate "2019.09.30"]
[SourceVersion "1"]
[SourceVersionDate "2019.09.30"]
[SourceQuality "1"]

1. e4 g6 2. g3 Bg7 3. Bg2 Nf6 4. e5 Ng8 5. d4 d6 6. f4 Nh6 7. c3 0-0 8. Nf3 c5 9. 0-0 cxd4 10. cxd4 Nc6 11. Nc3 Bg4 12. Be3 Nf5 13. Bf2 Rc8 14. h3 Bxf3 15. Bxf3 e6 16. Ne4 d5 17. Nc5 b6 18. Nb3 Nb4 19. Qe2 a5 20. a3 Rc2 21. Qd1 a4 22. Nc1 Rxb2 23. axb4 b5 24. Nd3 Rb3 25. Be2 Qb6 26. Nc5 Rxb4 27. Nd7 Qa7 28. Nxf8 Bxf8 29. Rb1 Rxb1 30. Qxb1 Nxd4 31. Bxb5 a3 32. Qd3 Bc5 33. Kg2 Nxb5 34. Qxb5 Bxf2 35. Rc1 a2 36. Rc8+ Kg7 37. Qe8 Bc5 38. Qh8+ Kh6 39. g4 Be7 40. g5+ Bxg5 41. fxg5+ Kh5 42. Qg7 a1Q 43. Qh6# 1-0

[Event "Riga Tal Memorial rapid"]
[Site "Riga"]
[Date "2019.07.16"]
[Round "3"]
[White "Chigaev, Maksim"]
[Black "Ladva, Ottomar"]
[Result "1-0"]
[WhiteElo "2640"]
[BlackElo "2513"]
[PlyCount "133"]
[EventDate "2019.07.16"]
[EventType "swiss (rapid)"]
[EventRounds "11"]
[EventCountry "LAT"]
[SourceTitle "CBM 191 Extra"]
[Source "ChessBase"]
[SourceDate "2019.09.30"]
[SourceVersion "1"]
[SourceVersionDate "2019.09.30"]
[SourceQuality "1"]

1. e4 e5 2. Nf3 Nf6 3. Nxe5 d6 4. Nf3 Nxe4 5. Bd3 Nf6 6. 0-0 Be7 7. c3 0-0 8. Bc2 Re8 9. d4 Bf8 10. h3 h6 11. Bf4 Nbd7 12. Nbd2 b5 13. a4 b4 14. c4 a5 15. d5 Nc5 16. Nd4 g6 17. Nc6 Qd7 18. Be3 Bg7 19. Bxc5 dxc5 20. Nb3 Qd6 21. Re1 Bd7 22. Ncxa5 Qb6 23. Nc6 Bxc6 24. dxc6 Qxc6 25. a5 Ne4 26. Qf3 f5 27. Nd2 Bxb2 28. Ba4 Qf6 29. Bxe8 Bxa1 30. Nxe4 fxe4 31. Qxe4 Rxa5 32. Qd5+ Kg7 33. Qd7+ Kf8 34. Bxg6 Be5 35. Bh5 Ra1 36. Rxa1 Bxa1 37. Qc8+ Kg7 38. Qxc7+ Kh8 39. Qc8+ Kg7 40. Qxc5 Bd4 41. Qc7+ Kh8 42. Qb8+ Kh7 43. Bf3 Qe5 44. Qxb4 Bc5 45. Qb1+ Kg7 46. Qd1 Bd4 47. Kf1 Qf4 48. g3 Qe5 49. Kg2 Qf6 50. Qe2 Bc5 51. h4 Qd4 52. Be4 Kf8 53. Qf3+ Ke7 54. Bd5 Kd8 55. Be6 Kc7 56. Bd5 Kd8 57. Qe2 Kc7 58. f4 Qg1+ 59. Kh3 Bf2 60. Bg2 Be3 61. Qf3 Qe1 62. Qc6+ Kd8 63. Qd6+ Kc8 64. Qxh6 Bf2 65. Qc6+ Kd8 66. Qd5+ Kc7 67. Qe5+ 1-0

[Event "PRO League Stage"]
[Site "Chess.com INT"]
[Date "2019.01.22"]
[Round "3"]
[White "Ladva, Ottomar"]
[Black "Dobrov, Vladimir"]
[Result "0-1"]
[WhiteElo "2497"]
[BlackElo "2478"]
[PlyCount "52"]
[EventDate "2019.01.08"]
[EventType "team-swiss (rapid)"]
[EventRounds "10"]
[EventCountry "USA"]
[SourceTitle "CBM 188 Extra"]
[Source "ChessBase"]
[SourceDate "2019.02.28"]
[SourceVersion "1"]
[SourceVersionDate "2019.02.28"]
[SourceQuality "1"]
[WhiteTeam "Estonia Horses"]
[BlackTeam "Moscow Wizards"]
[WhiteTeamCountry "EST"]
[BlackTeamCountry "RUS"]

1. Nf3 d5 2. e3 Nf6 3. c4 c6 4. Nc3 e6 5. b3 Bd6 6. Bb2 0-0 7. Qc2 e5 8. cxd5 cxd5 9. Nb5 Nc6 10. Nxd6 Qxd6 11. Be2 d4 12. exd4 e4 13. Ne5 Nxd4 14. Bxd4 Qxd4 15. Qc3 Qd6 16. 0-0 Bf5 17. Nc4 Qe7 18. d4 Nd5 19. Qg3 Rad8 20. Rfd1 Be6 21. Rac1 f5 22. Qe5 Nb4 23. Ne3 Nc6 24. Rxc6 bxc6 25. Bc4 Rde8 26. Nxf5 Qf7 0-1

[Event "PRO League Stage"]
[Site "Chess.com INT"]
[Date "2019.01.16"]
[Round "2"]
[White "Harikrishna, Pentala"]
[Black "Ladva, Ottomar"]
[Result "1-0"]
[WhiteElo "2730"]
[BlackElo "2497"]
[PlyCount "113"]
[EventDate "2019.01.08"]
[EventType "team-swiss (rapid)"]
[EventRounds "10"]
[EventCountry "USA"]
[SourceTitle "CBM 188 Extra"]
[Source "ChessBase"]
[SourceDate "2019.02.28"]
[SourceVersion "1"]
[SourceVersionDate "2019.02.28"]
[SourceQuality "1"]
[WhiteTeam "Delhi Dynamite"]
[BlackTeam "Estonia Horses"]
[WhiteTeamCountry "IND"]
[BlackTeamCountry "EST"]

1. e4 e5 2. Nf3 Nf6 3. Nxe5 d6 4. Nf3 Nxe4 5. d4 d5 6. Bd3 Nc6 7. 0-0 Be7 8. Nc3 Bf5 9. Qe1 Nd6 10. Nxd5 Bxd3 11. cxd3 0-0 12. Bf4 Re8 13. Nxe7+ Rxe7 14. Qd1 Nf5 15. Bg5 f6 16. Qb3+ Kh8 17. Qxb7 Ncxd4 18. Nxd4 Nxd4 19. Be3 c5 20. Qa6 Nc2 21. Bxc5 Rc7 22. Qc4 Nxa1 23. Rxa1 Qg8 24. Qxg8+ Kxg8 25. d4 a5 26. b3 Kf7 27. Kf1 Ke6 28. Re1+ Kd5 29. Re3 Rb8 30. Rh3 a4 31. b4 Rxc5 32. bxc5 Rb1+ 33. Ke2 Rb2+ 34. Ke3 Rxa2 35. Rxh7 Ra3+ 36. Kd2 Kxd4 37. c6 Rd3+ 38. Ke2 Rc3 39. Rxg7 Rxc6 40. Rg4+ Ke5 41. Rxa4 Rc2+ 42. Ke3 Rc3+ 43. Kd2 Rb3 44. g3 Kf5 45. Ke2 Kg5 46. Kf1 Kg6 47. Kg2 Kg5 48. h4+ Kg6 49. g4 Rc3 50. f3 Rc1 51. Ra6 Kg7 52. Ra7+ Kg6 53. Kg3 Rc4 54. h5+ Kh6 55. Rf7 Rc6 56. Kh4 Ra6 57. f4 1-0

[Event "PRO League Stage"]
[Site "Chess.com INT"]
[Date "2019.01.16"]
[Round "2"]
[White "Ladva, Ottomar"]
[Black "Gupta, Abhijeet"]
[Result "0-1"]
[WhiteElo "2497"]
[BlackElo "2581"]
[PlyCount "96"]
[EventDate "2019.01.08"]
[EventType "team-swiss (rapid)"]
[EventRounds "10"]
[EventCountry "USA"]
[SourceTitle "CBM 188 Extra"]
[Source "ChessBase"]
[SourceDate "2019.02.28"]
[SourceVersion "1"]
[SourceVersionDate "2019.02.28"]
[SourceQuality "1"]
[WhiteTeam "Estonia Horses"]
[BlackTeam "Delhi Dynamite"]
[WhiteTeamCountry "EST"]
[BlackTeamCountry "IND"]

1. d4 Nf6 2. Nf3 g6 3. g3 Bg7 4. Bg2 d5 5. 0-0 0-0 6. Nbd2 c6 7. b3 Bf5 8. Bb2 Nbd7 9. c4 Ne4 10. e3 a5 11. a3 a4 12. b4 Nxd2 13. Nxd2 Bd3 14. Re1 dxc4 15. Bf1 Bxf1 16. Rxf1 b5 17. Qf3 c5 18. bxc5 Nxc5 19. Bc3 Nb3 20. Rad1 Qd7 21. Ne4 Rac8 22. Bb4 Rfd8 23. Nc3 e6 24. h4 h5 25. Kh2 Rb8 26. Rg1 Qb7 27. Qf4 f5 28. Qg5 Qf7 29. Ne2 Kh7 30. Qf4 Rb7 31. Qf3 Rbd7 32. Nf4 e5 33. Nh3 Qd5 34. Ng5+ Kg8 35. Qe2 exd4 36. exd4 Nxd4 37. Rxd4 Bxd4 38. Re1 c3 39. f4 Rc8 40. Rd1 c2 41. Rc1 Qc4 42. Qe1 Bf6 43. Kh3 Bxg5 44. Rxc2 Qxc2 45. Qe6+ Kh8 46. Qxd7 Bf6 47. Qf7 Qc6 48. Bf8 Qh1# 0-1

[Event "PRO League Stage"]
[Site "Chess.com INT"]
[Date "2019.01.08"]
[Round "1"]
[White "Ladva, Ottomar"]
[Black "Puranik, Abhimanyu Sameer"]
[Result "1/2-1/2"]
[WhiteElo "2497"]
[BlackElo "2536"]
[PlyCount "95"]
[EventDate "2019.01.08"]
[EventType "team-swiss (rapid)"]
[EventRounds "10"]
[EventCountry "USA"]
[SourceTitle "CBM 188 Extra"]
[Source "ChessBase"]
[SourceDate "2019.02.28"]
[SourceVersion "1"]
[SourceVersionDate "2019.02.28"]
[SourceQuality "1"]
[WhiteTeam "Estonia Horses"]
[BlackTeam "Mumbai Movers"]
[WhiteTeamCountry "EST"]
[BlackTeamCountry "IND"]

1. Nf3 Nf6 2. c4 c5 3. e3 g6 4. d4 cxd4 5. exd4 Bg7 6. Nc3 0-0 7. Bg5 h6 8. Bxf6 Bxf6 9. Be2 d6 10. 0-0 Nc6 11. h3 Bf5 12. Re1 Rc8 13. Rc1 Qb6 14. Na4 Qa5 15. Nc3 Qb6 16. g4 Bd7 17. Nd5 Qxb2 18. Rb1 Qxa2 19. Ra1 Qb2 20. Qd3 b5 21. Reb1 bxc4 22. Qxc4 Nxd4 23. Nxf6+ exf6 24. Rxb2 Nxf3+ 25. Kg2 Rxc4 26. Bxc4 Bc6 27. Kg3 Ne5 28. Be2 Ra8 29. Ra6 g5 30. Rc2 Be4 31. Rca2 Rb8 32. f3 Bc6 33. Rxa7 Rb4 34. R7a6 Rb3 35. R6a3 Rb4 36. Rc3 Kg7 37. Ra6 Rb2 38. Bd1 Rd2 39. Bb3 Bxf3 40. Ra2 Rd4 41. Ra4 Rd2 42. Ra2 Rd4 43. Ra4 Rd2 44. Ra2 Rd4 45. Ra4 Rd2 46. Ra2 Rd4 47. Ra4 Rd2 48. Ra2 1/2-1/2

[Event "PRO League Stage"]
[Site "Chess.com INT"]
[Date "2019.01.08"]
[Round "1"]
[White "Ladva, Ottomar"]
[Black "Soumya, Swaminathan"]
[Result "1-0"]
[WhiteElo "2497"]
[BlackElo "2416"]
[PlyCount "83"]
[EventDate "2019.01.08"]
[EventType "team-swiss (rapid)"]
[EventRounds "10"]
[EventCountry "USA"]
[SourceTitle "CBM 188 Extra"]
[Source "ChessBase"]
[SourceDate "2019.02.28"]
[SourceVersion "1"]
[SourceVersionDate "2019.02.28"]
[SourceQuality "1"]
[WhiteTeam "Estonia Horses"]
[BlackTeam "Mumbai Movers"]
[WhiteTeamCountry "EST"]
[BlackTeamCountry "IND"]

1. Nf3 c5 2. c4 Nc6 3. Nc3 g6 4. e3 Nf6 5. d4 cxd4 6. exd4 d5 7. cxd5 Nxd5 8. Qb3 e6 9. Bg5 Be7 10. Bh6 Bf8 11. Bxf8 Kxf8 12. Bb5 Nce7 13. 0-0 Kg7 14. Rfe1 a6 15. Bc4 b5 16. Bxd5 Nxd5 17. Nxd5 Qxd5 18. Qxd5 exd5 19. Rac1 Bf5 20. Rc5 Rac8 21. h3 h6 22. Re7 Be6 23. b4 Kf6 24. Ra7 Ra8 25. Rxa8 Rxa8 26. Ne5 Ke7 27. a3 Rc8 28. f3 Kd6 29. Nxf7+ Ke7 30. Rxc8 Bxc8 31. Nxh6 Kf6 32. Kf2 Be6 33. Ng4+ Kf5 34. Ne5 g5 35. g4+ Kf6 36. Kg3 Bc8 37. f4 gxf4+ 38. Kxf4 Be6 39. h4 Bc8 40. g5+ Kg7 41. h5 Bh3 42. g6 1-0

[Event "Groningen op 56th"]
[Site "Groningen"]
[Date "2018.12.23"]
[Round "2"]
[White "De Jong, Migchiel"]
[Black "Ladva, Ottomar"]
[Result "0-1"]
[WhiteElo "2323"]
[BlackElo "2497"]
[PlyCount "89"]
[EventDate "2018.12.22"]
[EventType "swiss"]
[EventRounds "9"]
[EventCountry "NED"]
[SourceTitle "CBM 188 Extra"]
[Source "ChessBase"]
[SourceDate "2019.02.28"]
[SourceVersion "1"]
[SourceVersionDate "2019.02.28"]
[SourceQuality "1"]

1. e4 g6 2. d4 Bg7 3. Nf3 d6 4. Be2 Nf6 5. Nc3 a6 6. 0-0 0-0 7. a4 b6 8. Be3 Bb7 9. Nd2 e6 10. f4 c5 11. dxc5 bxc5 12. e5 Nd5 13. Nxd5 exd5 14. Bf3 dxe5 15. Bxc5 e4 16. Bxf8 Qxf8 17. Be2 Nc6 18. c3 Rd8 19. Nb3 d4 20. cxd4 Bxd4+ 21. Nxd4 Nxd4 22. Kh1 e3 23. Bc4 Qe7 24. Qg4 Nc2 25. Rad1 Rd2 26. Rxd2 exd2 27. Qe2 Ne3 28. Qxd2 Nxc4 29. Qf2 Nd6 30. Re1 Qd7 31. Qd2 Qc6 32. Rc1 Qd7 33. f5 Qe7 34. fxg6 hxg6 35. Rd1 Qe4 36. Re1 Qg4 37. Kg1 Nf5 38. Re8+ Kh7 39. h3 Qg3 40. Qf2 Qb3 41. a5 Qb5 42. Rb8 Qc6 43. b4 Qe4 44. b5 axb5 45. Qb2 0-1

[Event "Groningen op 56th"]
[Site "Groningen"]
[Date "2018.12.23"]
[Round "3"]
[White "Ladva, Ottomar"]
[Black "Kollen, Zyon"]
[Result "1-0"]
[WhiteElo "2497"]
[BlackElo "2363"]
[PlyCount "93"]
[EventDate "2018.12.22"]
[EventType "swiss"]
[EventRounds "9"]
[EventCountry "NED"]
[SourceTitle "CBM 188 Extra"]
[Source "ChessBase"]
[SourceDate "2019.02.28"]
[SourceVersion "1"]
[SourceVersionDate "2019.02.28"]
[SourceQuality "1"]

1. c4 e6 2. Nc3 d5 3. d4 c6 4. Nf3 dxc4 5. g3 Nf6 6. Bg2 b5 7. Bg5 Bb7 8. Bxf6 gxf6 9. 0-0 Nd7 10. a4 b4 11. Ne4 a5 12. Qc2 Ba6 13. Nfd2 Nb6 14. Nc5 Bxc5 15. dxc5 Nd5 16. Nxc4 Bxc4 17. Qxc4 f5 18. Qd4 0-0 19. g4 Qh4 20. f4 fxg4 21. e4 Ne7 22. Rad1 Ng6 23. e5 Rad8 24. Qe3 Ne7 25. Rd6 Nf5 26. Qf2 Qxf2+ 27. Kxf2 Nxd6 28. exd6 Rc8 29. Re1 Rfd8 30. Kg3 Kf8 31. Kxg4 Ke8 32. Kg5 Kd7 33. Kf6 Rg8 34. Bh3 Rcf8 35. f5 Re8 36. Rxe6 Rgf8 37. Rxe8 Kxe8 38. Kg7 f6 39. Bg2 Rf7+ 40. Kh6 Kd7 41. Bf1 Ke8 42. Bc4 Rb7 43. b3 Kf8 44. Be6 Ra7 45. h4 Rb7 46. h5 Ra7 47. d7 1-0

[Event "Puhajarve rap op 19th"]
[Site "Puhajarve"]
[Date "2018.11.25"]
[Round "30"]
[White "Tarmak, Mart"]
[Black "Ladva, Ottomar"]
[Result "0-1"]
[WhiteElo "1959"]
[BlackElo "2497"]
[PlyCount "54"]
[EventDate "2018.11.23"]
[EventType "tourn (rapid)"]
[EventRounds "35"]
[EventCountry "EST"]
[SourceTitle "CBM 187 Extra"]
[Source "ChessBase"]
[SourceDate "2018.11.04"]
[SourceVersion "1"]
[SourceVersionDate "2018.11.04"]
[SourceQuality "1"]

1. e4 g6 2. d4 Bg7 3. Nc3 d6 4. f3 a6 5. Be3 b5 6. Qd2 Bb7 7. Bd3 Nd7 8. h4 h6 9. Nh3 Rc8 10. Nf2 c5 11. Be2 cxd4 12. Bxd4 Bxd4 13. Qxd4 Ngf6 14. g4 Qb6 15. Qd2 Ne5 16. a3 Kf8 17. Rd1 Kg7 18. Qd4 Qxd4 19. Rxd4 Rc7 20. f4 Nc6 21. Rd2 Na5 22. g5 hxg5 23. hxg5 Rxh1+ 24. Nxh1 Nxe4 25. Nxe4 Bxe4 26. Nf2 Bxc2 27. Nd3 Nb3 0-1

[Event "Puhajarve rap op 19th"]
[Site "Puhajarve"]
[Date "2018.11.24"]
[Round "9"]
[White "Dubrovin, Robert"]
[Black "Ladva, Ottomar"]
[Result "1/2-1/2"]
[WhiteElo "2220"]
[BlackElo "2497"]
[PlyCount "109"]
[EventDate "2018.11.23"]
[EventType "tourn (rapid)"]
[EventRounds "35"]
[EventCountry "EST"]
[SourceTitle "CBM 187 Extra"]
[Source "ChessBase"]
[SourceDate "2018.11.04"]
[SourceVersion "1"]
[SourceVersionDate "2018.11.04"]
[SourceQuality "1"]

1. d4 Nf6 2. c4 e6 3. Nc3 d5 4. cxd5 Nxd5 5. e4 Nxc3 6. bxc3 c5 7. Nf3 cxd4 8. cxd4 Bb4+ 9. Bd2 Bxd2+ 10. Qxd2 0-0 11. Bc4 Nd7 12. 0-0 b6 13. Rfe1 Bb7 14. Rad1 Rc8 15. Bb3 Re8 16. Qf4 h6 17. h4 Qc7 18. e5 b5 19. Nd2 Nb6 20. Ne4 Bxe4 21. Qxe4 Red8 22. d5 exd5 23. Bxd5 Nxd5 24. Rxd5 Rxd5 25. Qxd5 Qc3 26. Re3 Qc1+ 27. Kh2 Qc4 28. Qxc4 Rxc4 29. Kg3 b4 30. e6 fxe6 31. Rxe6 a5 32. f3 Rc2 33. a3 b3 34. Rb6 a4 35. Rb4 Rc1 36. Kf4 Ra1 37. Kf5 Kh7 38. g4 Rxa3 39. g5 hxg5 40. hxg5 g6+ 41. Kf6 Ra1 42. Rb7+ Kg8 43. Rb8+ Kh7 44. Rb7+ Kg8 45. Rb8+ Kh7 46. Rb7+ Kg8 47. Rb8+ Kh7 48. Rb7+ Kg8 49. Kxg6 Kf8 50. Kf6 Ke8 51. g6 Rf1 52. Rb8+ Kd7 53. Rb7+ Ke8 54. f4 Rc1 55. f5 1/2-1/2

[Event "Puhajarve rap op 19th"]
[Site "Puhajarve"]
[Date "2018.11.24"]
[Round "22"]
[White "Ladva, Ottomar"]
[Black "Kass, Viktor"]
[Result "1-0"]
[WhiteElo "2497"]
[BlackElo "1587"]
[PlyCount "51"]
[EventDate "2018.11.23"]
[EventType "tourn (rapid)"]
[EventRounds "35"]
[EventCountry "EST"]
[SourceTitle "CBM 187 Extra"]
[Source "ChessBase"]
[SourceDate "2018.11.04"]
[SourceVersion "1"]
[SourceVersionDate "2018.11.04"]
[SourceQuality "1"]

1. Nf3 e6 2. g3 d5 3. Bg2 c5 4. 0-0 Nf6 5. d4 Nc6 6. c4 cxd4 7. Nxd4 Nxd4 8. Qxd4 Qc7 9. cxd5 Bc5 10. Qf4 e5 11. Qa4+ Bd7 12. Qb3 Bd6 13. Nc3 0-0 14. Bg5 Ne8 15. Rac1 f6 16. Ne4 Qd8 17. Nxd6 Nxd6 18. Bd2 a6 19. Bb4 Bb5 20. Rfe1 a5 21. Bxd6 Qd7 22. Bxf8 Kxf8 23. Qa3+ Kf7 24. d6 Bc6 25. Bxc6 bxc6 26. Red1 1-0